La Chine en 10 dates - Statistiques

Statistiques générales
  • Ce quiz a été pris 24 fois
  • Le résultat moyen est 5 sur 10
Statistiques - réponses
Indices Réponses % Correct
En quelle année les premiers signes de Coronavirus ont-ils été détectés en Chine ? 2019
90%
En quelle année Mao fonda-t-il la République Populaire de Chine ? 1949
86%
Depuis quelle année XI Jinping gouverne-t-il en Chine ? 2013
86%
Durant quelle siècle le philosophe Confucius développa ses idées ? 6ème siècle AVJC
67%
En quelle année l'armée chinoise intervint-elle face aux manifestations de la place Tian'anmen ? 1989
62%
En quelle année éclata la révolte des boxers, célèbre contestation face à l'occupation occidentale ? 1900
52%
En quelle année la guerre de l'opium éclata, à cause de la convoitise britannique ? 1839
33%
En quelle année débuta la Grande Marche, menée par Mao Zedong ? 1934
33%
En quelle année Marco Polo arriva-t-il en Chine ? 1275
5%
En quelle année débuta la construction de la Muraille de Chine ? -214
0%
Aucun quiz correspondant
Distribution des résultats
% des personnes avec chaque résultat
Percentile par nombre de réponses
Votre historique - résultats
Vous n’avez pas pris ce quiz